Οι νέες μορφές οργάνωσης της εργασίας

Saved in:
Bibliographic Details
Main Author: Πετράκη, Γεωργία
Format: Book
Language:Greek
Published: Αθήνα : Gutenberg, 2007
Series:Βιβλιοθήκη κοινωνικής επιστήμης και κοινωνικής πολιτικής ; ; 124
Subjects:
Tags: Add Tag
No Tags, Be the first to tag this record!

MARC

LEADER 00000cam a2200000 i 4500
001 1/94892
008 081003s2007 gre d
020 |a 978-960-01-1111-1 
035 |l 10100620 
040 |a GR-MY-UA  |b gre  |e aacr 
041 0 |a gre 
082 0 |a 331.12  |2 (22) 
100 1 |a Πετράκη, Γεωργία. 
245 1 3 |a Οι νέες μορφές οργάνωσης της εργασίας /  |c Γεωργία Πετράκη 
260 |a Αθήνα :   |b Gutenberg,   |c 2007 
300 |a 319 σ.;  |b πίν.;  |c 24 εκ. 
490 1 |a Βιβλιοθήκη κοινωνικής επιστήμης και κοινωνικής πολιτικής  |v ; 124 
504 |a Βιβλιογραφία: σ. 295-303 
504 |a Ευρετήριο: σ. 305-319 
650 0 0 |a Labor market. 
650 0 0 |a Labor supply. 
650 0 0 |a Labor unions. 
650 0 0 |a Employment and employees. 
650 0 0 |a Industrial organization. 
650 0 0 |a Division of labor. 
830 0 |a Βιβλιοθήκη κοινωνικής επιστήμης και κοινωνικής πολιτικής ;  |v ; 124 
852 |a INST  |b LESVOS  |e 20081218  |h 331.12 ΠΕΤ  |p 005100044086  |q 005100044086  |t BK  |y 0 
852 |a INST  |b LESVOS  |e 20081120  |h 331.12 ΠΕΤ  |p 005100044242  |q 005100044242  |t BK  |y 0 
852 |a INST  |b LESVOS  |e 20081003  |h 331.12 ΠΕΤ  |p 005100044357  |q 005100044357  |t BK  |y 0 
852 |a INST  |b LESVOS  |e 20110810  |h 331.12 ΠΕΤ  |p 005100049952  |q 005100049952  |t BK  |y 0 
901 |a BIBL1-2008-3 
901 |a BIBL1-2011-08 
920 |a ΦΟΙΤΗΤΙΚΗ ΜΕΡΙΜΝΑ  |y ΛΕΣΒΟΣ  |z 2008-11 
920 |a ΦΟΙΤΗΤΙΚΗ ΜΕΡΙΜΝΑ  |y ΛΕΣΒΟΣ  |z 2008-09 
922 |a 1ΕΛΗ  |b 200801  |c ΕΠΕΑΕΚ2/ΤΚ  |d Σ. ΠΑΤΑΚΗΣ 
970 |a ΓΙΑΛΑΜΑ  |b ΜΑΡΙΑ  |z 2008/10/03